| 000 | 00617nam a2200217Ia 4500 | ||
|---|---|---|---|
| 008 | 240619s9999 xx 000 0 und d | ||
| 020 | _a978-99973-1-070-5 | ||
| 035 | _a4916 | ||
| 040 |
_aGS0142000 _bmon _cMN-UlNLM _dMN-UlNLM _erda |
||
| 041 | _amon | ||
| 042 | _a7599 | ||
| 084 |
_2NNA _a26.8 _bМ-231 |
||
| 100 | _aМансей Л. | ||
| 245 | 0 | _aДэлхийн төврүү аялсан нь | |
| 264 |
_aУлаанбаатар _bМонсудар _c2013 |
||
| 300 | _a63х. | ||
| 336 |
_2rdacontent _atext _btxt |
||
| 337 |
_2rdamedia _aunmediated _bn |
||
| 338 |
_2rdacarrier _avolume _bnc |
||
| 942 |
_2NNA _cBK |
||
| 999 |
_c899750 _d899807 |
||